| 000 | 00598nam a2200217 a 4500 | ||
|---|---|---|---|
| 001 | BRCA_3552 | ||
| 005 | 20190320204330.0 | ||
| 008 | 310709s1962----nyu#---###---#000-0#eng-# | ||
| 041 | _aeng | ||
| 044 | _anyu | ||
| 050 | 4 |
_aHV8138 _b.C78 1962 |
|
| 245 | 1 | 0 |
_aCrusade against crime _ced. Jerry D. Lewis. |
| 260 |
_aNew York _bBernard Geis Associates _c1962 |
||
| 300 |
_a372 p. _c22 cm. |
||
| 500 | _aB220 | ||
| 650 | 1 | 4 |
_aDelitos y delincuentes _99218 |
| 651 | 4 |
_aEstados Unidos _xFederal Bureau of Investigation _99219 |
|
| 700 | 1 |
_aLewis, Jerry D. _eed _99220 |
|
| 902 | _aGFM | ||
| 942 |
_2lcc _cB |
||
| 999 |
_c3287 _d3287 |
||